| Tag |
First Indicator |
Second Indicator |
Subfields |
| LEADER |
00000cam a2200000 a 4500 |
| 001 |
in00000004175 |
| 007 |
he bmb024bbca |
| 008 |
990512s1998 dcua bb f000 0 eng c |
| 005 |
20230309222517.2 |
| 035 |
|
|
|a (OCoLC)ocm41347902
|
| 035 |
|
|
|9 AJG6665AM
|
| 035 |
|
|
|a in00000004175
|
| 037 |
|
|
|a 161180
|b GAO (202) 512-6000 (Voice); (202) 512-6061 (Fax); (202) 512-2537 (TDD)
|f paper copy
|
| 040 |
|
|
|a GPO
|c GPO
|d DLC
|d MvI
|d UtOrBLW
|
| 042 |
|
|
|a pcc
|
| 043 |
|
|
|a n-us---
|
| 049 |
|
|
|a UMIC
|
| 049 |
|
|
|a WWW
|
| 074 |
|
|
|a 0546-D-01 (MF)
|
| 074 |
|
|
|a 0546-D-01 (online)
|
| 086 |
0 |
|
|a GA 1.5/2:T-AIMD-98-312
|
| 100 |
1 |
|
|a Dodaro, Gene L.
|
| 245 |
1 |
0 |
|a Information security :
|b strengthened management needed to protect critical federal operations and assets : statement of Gene L. Dodaro, Assistant Comptroller General, Accounting and Information Management Division, before the Committee on Governmental Affairs, U.S. Senate /
|c United States General Accounting Office.
|
| 246 |
3 |
0 |
|a Strengthened management needed to protect critical federal operations and assets
|
| 264 |
|
1 |
|a Washington, D.C. (P.O. Box 37050, Washington 20013) :
|b The Office,
|c [1998]
|
| 300 |
|
|
|a 21 pages, 2 unnumbered pages :
|b illustrations ;
|c 28 cm.
|
| 336 |
|
|
|a text
|b txt
|2 rdacontent
|
| 337 |
|
|
|a microform
|b h
|2 rdamedia
|
| 338 |
|
|
|a microfiche
|b he
|2 rdacarrier
|
| 490 |
1 |
|
|a Testimony ;
|v GAO/T-AIMD-98-312
|
| 500 |
|
|
|a Shipping list number: 99-0424-M.
|
| 500 |
|
|
|a "September 23, 1998."
|
| 504 |
|
|
|a Includes bibliographical references.
|
| 533 |
|
|
|a Microfiche.
|b [Washington, D.C.] :
|c Supt. of Docs., U.S. G.P.O.,
|d 1999
|e 1 microfiche : negative.
|
| 530 |
|
|
|a Also available via Internet from the GPO Access web site. Address as of 2/20/02: http://frwebgate.access.gpo.gov/cgi-bin/getdoc.cgi?dbname=gao&docid=f:ai98312t.pdf; current access is available via PURL.
|
| 500 |
|
|
|a Microform.
|
| 650 |
|
0 |
|a Computer security
|z United States
|x Management.
|
| 650 |
|
0 |
|a Data protection
|z United States
|x Management.
|
| 650 |
|
0 |
|a Administrative agencies
|z United States
|x Data processing
|x Evaluation.
|
| 710 |
1 |
|
|a United States.
|b General Accounting Office.
|
| 830 |
|
0 |
|a Testimony ;
|v GAO/T-AIMD-98-312.
|
| 856 |
4 |
1 |
|u https://purl.fdlp.gov/GPO/LPS17699
|z Adobe Acrobat Reader required
|t 0
|
| 999 |
|
|
|a MARS
|
| 999 |
f |
f |
|i 44433e25-0b55-3d2d-9903-5500c86bd4b2
|s cdefcb87-436e-3cf8-b99d-d51929761659
|t 0
|
| 952 |
f |
f |
|p normal
|a Texas A&M University
|b College Station
|c Sterling C. Evans Library
|d Evans: US Documents Microfiche (3rd floor)
|t 0
|e GA 1.5/2:T-AIMD-98-312
|h Superintendent of Documents classification
|i microform -- microfiche
|m A14824490355
|
| 952 |
f |
f |
|a Texas A&M University
|b College Station
|c Electronic Resources
|d Available Online
|t 0
|e GA 1.5/2:T-AIMD-98-312
|h Superintendent of Documents classification
|
| 998 |
f |
f |
|a GA 1.5/2:T-AIMD-98-312
|t 0
|l Evans: US Documents Microfiche (3rd floor)
|
| 998 |
f |
f |
|a GA 1.5/2:T-AIMD-98-312
|t 0
|l Available Online
|